000 00864 a2200205 4500
001 35123
005 20260407155635.0
008 260407a1966 arg spa d
003 AR-UNSa-BCEJYS
040 _aAR-UNSa-BCEJYS
_bspa
_cAR-UNSa-BCEJYS
080 _a658.3
_xPersonal. Relaciones humanas en la empresa (Recursos Humanos)
245 1 0 _aRendimiento personal y relaciones humanas.
264 1 _aBuenos Aires :
_bPROINVERT
_c1966
300 _a271 p.
_c21 cm.
505 _a1. Enfoques sobre el trabajo - 2. Su gente y sus necesidades - 3. El supervisor en la comunicación - 4. Problemas con los empleados y empleados con problemas - 5. Reducir costos, mejorar métodos, controlar calidad - 6. Consideraciones especiales.
942 _cBK
590 _aniveau_biblio:m niveau_hierar:0
100 1 _aAmerican Marketing Association
700 1 _aSmith, Mario
999 _c2544
_d2544